000 01205nam a2200229Ia 4500
003 Ost
005 20260507075335.0
008 260507s9999||||xx |||||||||||||| ||und||
020 _a21273799779
040 _cfsecg
041 _aara
082 _a330
100 _aحسن السبك، صبري مصطفى
_eمؤلف
245 0 _aالقرض المصرفي كصورة من صور الائتمان و أداة للتمويل :
_bدراسة مقارنة بين التعامل المصرفي و الفقه الاسلامي /
_c صبري مصطفى حسن السبك
260 _aالاسكندرية:
_bدار الفكر الجامعي,
_c2011
300 _a334 صفحة؛
_c24 سم
520 _aماهية عقد القرض المصرفي و أنواعه و الطبيعة القانونية له ، ضمانات القرض المصرفي و آثاره و انقضاوه ، المعاملة الضريبية للقرض و فوائده ، موقف الفقه الاسلامي من الفوائد على القرض المصرفي و البديل الشرعي لها
653 _aالتمويل
653 _aالقروض البنكية
653 _aقروض الائتمان
942 _cكتاب
999 _c44042
_d44042